000 00559nam a2200229Ia 4500
003 OSt
005 20221005123423.0
006 a|||||r|||| 00| 0
007 ta
008 221004b |||||||| |||| 00| 0 kan d
024 _a59367
037 _cTextual
040 _aCRL
_cCRL
_bkan
041 _2kan
_akan
082 _aO33jb, L2
100 _aPatil P K Ed.
_9633645
245 0 _aLekhane galu soochi
260 _c1972
650 _aKANNAD LITERATURE
942 _hO33jb, L2
_cTEXL
_2cc
999 _c1047363
_d1047363